Atomic Symbol Matching Quiz - Statistics

General Stats
  • This quiz has been taken 125 times
  • The average score is 22 of 31
Answer Stats
Hint Answer % Correct
Iodine I
84%
Iridium Ir
84%
Bromine Br
83%
Nickel Ni
83%
Polonium Po
83%
Chlorine Cl
81%
Francium Fr
81%
Rhodium Rh
81%
Sulfur S
81%
Calcium Ca
80%
Arsenic As
79%
Boron B
79%
Chromium Cr
79%
Radium Ra
78%
Silicon Si
78%
Nitrogen N
77%
Carbon C
75%
Phosphorus P
74%
Iron Fe
70%
Gold Au
69%
Flerovium Fl
65%
Silver Ag
64%
Caesium Cs
64%
Fermium Fm
62%
Astatine At
60%
Californium Cf
54%
Fluorine F
54%
Protactinium Pa
53%
Rhenium Re
52%
Radon Rn
44%
Palladium Pd
40%
No matching quizzes found
Score Distribution
Percent of People with Each Score
Percentile by Number Answered
Your Score History
You have not taken this quiz